Normal view
MARC view
Entry Personal Name
001 - CONTROL NUMBER
- control field: 62226
003 - CONTROL NUMBER IDENTIFIER
- control field: dpl
005 - DATE AND TIME OF LATEST TRANSACTION
- control field: 20240216144934.0
008 - FIXED-LENGTH DATA ELEMENTS
- fixed length control field: 240216|| aca||aabn | a|a d
040 ## - CATALOGING SOURCE
- Original cataloging agency: dpl
- Transcribing agency: dpl
100 ## - HEADING--PERSONAL NAME
- Personal name: Single,M L
670 ## - SOURCE DATA FOUND
- Source citation: Work cat.: (dpl)200862: Single,M L, J K Soonavala Supreme Court Criminal Digest/, 2022
